Statistics for Oscars - Best Actress Award Winners

Click here to take the quiz!

General Stats

  • This quiz has been taken 65 times
  • The average score is 24 of 34

Answer Stats

HintAnswer% Correct
‘Poor Things’ (2023)Emma Stone
98%
‘La La Land’Emma Stone
98%
‘Black Swan’ (2010)Natalie Portman
92%
'Silver Linings Playbook’ (2012)Jennifer Lawrence
85%
‘Erin Brockovich’ (2000)Julia Roberts
85%
‘The Blind Side’ (2009)Sandra Bullock
83%
‘The Silence of the Lambs’ (1991)Jodie Foster
81%
‘Nomadland’ (2020)Frances McDormand
80%
‘Fargo’ (1996)Frances McDormand
80%
‘Three Billboards Outside Ebbing, Missouri’Frances McDormand
80%
‘Shakespeare In Love’ (1998)Gwyneth Paltrow
80%
‘The Queen’ (2006)Helen Mirren
80%
‘Boys Don’t Cry’ (1999)Hillary Swank
80%
‘Million Dollar Baby’ (2004)Hillary Swank
80%
‘The Iron Lady’ (2011)Meryl Streep
80%
Everything Everywhere All at Once (2022)Michelle Yeoh
80%
‘Walk The Line’ (2005)Reese Witherspoon
78%
‘Monster’ (2003)Charlize Theron
76%
‘The Reader’ (2008)Kate Winslet
76%
‘The Favourite’ (2018)Olivia Colman
75%
‘Room’ (2015)Brie Larson
73%
‘Monster’s Ball’ (2001)Halle Berry
73%
‘Judy’ (2019)Renee Zellweger
73%
‘Still Alice’ (2014)Julianne Moore
69%
‘As Good As It Gets’ (1997)Helen Hunt
66%
‘Misery’ (1990)Kathy Bates
66%
‘The Hours’ (2002)Nicole Kidman
61%
‘La Vie en Rose’ (2007)Marion Cotillard
56%
‘Dead Man Walking’ (1995)Susan Sarandon
56%
‘The Piano’ (1993)Holly Hunter
54%
‘Howards End’ (1992)Emma Thompson
44%
‘Blue Sky’ (1994)Jessica Lange
34%
‘Blue Jasmine’ (2013)Cate Blanchette
29%
‘The Eyes of Tammy Faye’ (2021)Jessica Chaistain
5%

Score Distribution

Percentile by Number Answered

Percent of People with Each Score

Your Score History

You have not taken this quiz